| 000 | 00336nam a22001337a 4500 | ||
|---|---|---|---|
| 005 | 20250901165819.0 | ||
| 008 | 250409b |||||||| |||| 00| 0 eng d | ||
| 020 | _a9780435893033 | ||
| 050 | _aPL 8231.9.S45 1998 | ||
| 245 |
_aTHE TRAITOR _cSEKYI KOFI |
||
| 260 |
_aSOUTH AFRICA _bHEINEMANN PUBLISHERS _c1998 |
||
| 300 | _a91 | ||
| 942 | _2lcc | ||
| 999 |
_c9566 _d9566 |
||